[Event "XXIII Festival Magistrale"]
[Site "Robecchetto con Induno ITA"]
[Date "2012.12.28"]
[Round "3"]
[White "Montilli, Vincenzo"]
[Black "Marinone, Lucio"]
[Result "1-0"]
[WhiteElo "1909"]
[BlackElo "1977"]
[PlyCount "79"]
[EventDate "2012.12.27"]

1. d4 Nf6 2. c4 g6 3. Nc3 d5 4. cxd5 Nxd5 5. e4 Nxc3 6. bxc3 Bg7 7. Be3 c5 8.
Bc4 Qa5 9. Qd2 Nc6 10. Ne2 cxd4 11. cxd4 Qxd2+ 12. Kxd2 e5 13. Bb5 Bd7 14. Bxc6
Bxc6 15. d5 Bb5 16. Rhc1 Bxe2 17. Kxe2 Kd7 18. a4 Bf6 19. a5 Rhe8 20. Rab1 Bd8
21. Rb5 b6 22. axb6 Bxb6 23. Rcb1 Rec8 24. Bxb6 axb6 25. R1b2 Ra4 26. f3 Ra6
27. Rxb6 Rxb6 28. Rxb6 Rc2+ 29. Kf1 Rd2 30. Rb7+ Ke8 31. h4 h5 32. Rb3 Ke7 33.
Re3 Kd6 34. Re2 Rd1+ 35. Kf2 f5 36. Rc2 fxe4 37. fxe4 Rh1 38. Rc6+ Kd7 39. g3
Rh2+ 40. Kf3 1-0

[Event "XXIII Festival Magistrale"]
[Site "Robecchetto con Induno ITA"]
[Date "2012.12.28"]
[Round "3"]
[White "Petrone, Gianmario"]
[Black "Damia, Angelo"]
[Result "0-1"]
[WhiteElo "1963"]
[BlackElo "2281"]
[PlyCount "86"]
[EventDate "2012.12.27"]

1. e4 c5 2. Nf3 a6 3. d4 cxd4 4. Nxd4 Nf6 5. Nc3 e5 6. Nf3 Bb4 7. Bd3 d5 8. Nd2
d4 9. Ne2 Nc6 10. O-O g5 11. a3 Bd6 12. Nc4 h6 13. Nxd6+ Qxd6 14. c3 Bg4 15.
Qc2 Rd8 16. c4 Be6 17. Ng3 Kf8 18. Bd2 Kg7 19. Qc1 Ne7 20. Qd1 Ng6 21. Nh5+
Nxh5 22. Qxh5 Nf4 23. Bxf4 exf4 24. Qe2 Qe5 25. f3 h5 26. Qd2 h4 27. h3 Rc8 28.
Rac1 Rc7 29. b4 b6 30. Kh1 Rhc8 31. c5 bxc5 32. bxc5 Rxc5 33. Bxa6 Rxc1 34.
Rxc1 Rxc1+ 35. Qxc1 Qa5 36. Bd3 Qc3 37. Qxc3 dxc3 38. Bc2 Kf6 39. Kg1 Ke5 40.
Kf2 Kd4 41. Ke2 Bc4+ 42. Ke1 f6 43. a4 Kc5 0-1

[Event "XXIII Festival Magistrale"]
[Site "Robecchetto con Induno ITA"]
[Date "2012.12.28"]
[Round "3"]
[White "Ranieri, Fabrizio"]
[Black "Ranfagni, Stefano"]
[Result "1/2-1/2"]
[WhiteElo "2304"]
[BlackElo "2040"]
[PlyCount "52"]
[EventDate "2012.12.27"]

1. e4 e5 2. Nf3 Nc6 3. Bc4 Bc5 4. d3 Nf6 5. a3 a5 6. Nc3 h6 7. O-O d6 8. h3 Be6
9. Bxe6 fxe6 10. Be3 Nd4 11. Bxd4 Bxd4 12. Nxd4 exd4 13. Ne2 e5 14. f4 Qe7 15.
c3 dxc3 16. Nxc3 c6 17. d4 O-O 18. Qb3+ Kh8 19. fxe5 dxe5 20. d5 Qc5+ 21. Kh2
cxd5 22. exd5 Qc7 23. Rad1 Rad8 24. Nb5 Qc5 25. d6 e4 26. a4 e3 1/2-1/2

[Event "XXIII Festival Magistrale"]
[Site "Robecchetto con Induno ITA"]
[Date "2012.12.28"]
[Round "3"]
[White "Razzano, Lorenzo"]
[Black "Temi, Walter"]
[Result "1-0"]
[WhiteElo "1982"]
[BlackElo "2105"]
[PlyCount "81"]
[EventDate "2012.12.27"]

1. e4 e6 2. Nf3 d5 3. Nc3 Nf6 4. e5 Nfd7 5. d4 c5 6. dxc5 Bxc5 7. Bd3 Nc6 8.
Bf4 f6 9. exf6 Nxf6 10. Qe2 O-O 11. O-O-O Qa5 12. Kb1 Nb4 13. a3 Nc6 14. Bd2
Qd8 15. Rhe1 a6 16. g4 e5 17. g5 Ng4 18. Nxd5 Nxf2 19. Be3 Bxe3 20. Nxe3 Nxd1
21. Rxd1 Nd4 22. Nxd4 exd4 23. Bxh7+ Kxh7 24. Qh5+ Kg8 25. g6 Rf4 26. Qh7+ Kf8
27. Qh8+ Ke7 28. Qxg7+ Kd6 29. Nc4+ Kc6 30. Qe5 Rf5 31. Qe4+ Qd5 32. Qe8+ Qd7
33. Ne5+ Rxe5 34. Qxe5 Kb6 35. g7 Qg4 36. Rxd4 Qg1+ 37. Ka2 Bf5 38. Rb4+ Ka7
39. Qxf5 Qxg7 40. Qc5+ Kb8 41. Rf4 1-0

[Event "XXIII Festival Magistrale"]
[Site "Robecchetto con Induno ITA"]
[Date "2012.12.28"]
[Round "3"]
[White "Santeramo, Domenico"]
[Black "Dambrauskas, Virginijus"]
[Result "0-1"]
[WhiteElo "2069"]
[BlackElo "2315"]
[PlyCount "62"]
[EventDate "2012.12.27"]

1. e4 c5 2. Nf3 e6 3. d4 cxd4 4. Nxd4 a6 5. c4 Nf6 6. Bd3 d6 7. Nc3 Nbd7 8. O-O
Qc7 9. Be3 Ne5 10. Rc1 Nfg4 11. Bg5 h6 12. Bh4 g5 13. Bg3 h5 14. Be2 h4 15.
Bxg4 hxg3 16. hxg3 Bd7 17. Be2 Bg7 18. b3 Rh7 19. Nf3 Nxf3+ 20. Bxf3 Qa5 21.
Qd2 O-O-O 22. g4 Be5 23. g3 Rdh8 24. Rfd1 Bc6 25. Nb1 Qd8 26. b4 f5 27. gxf5
exf5 28. Qe3 Bxe4 29. Bxe4 fxe4 30. Qxe4 Qf6 31. Rc2 Rh1+ 0-1

[Event "XXIII Festival Magistrale"]
[Site "Robecchetto con Induno ITA"]
[Date "2012.12.29"]
[Round "4"]
[White "Coppola, Federico"]
[Black "Bardone, Lorenzo"]
[Result "1/2-1/2"]
[WhiteElo "1940"]
[BlackElo "1924"]
[PlyCount "78"]
[EventDate "2012.12.27"]

1. e4 c5 2. Nf3 e6 3. d4 cxd4 4. Nxd4 Nc6 5. Nc3 Qc7 6. Be2 a6 7. O-O Nf6 8.
Be3 Bb4 9. Nxc6 bxc6 10. Qd4 Be7 11. e5 Nd5 12. Nxd5 cxd5 13. Rac1 Bb7 14. c4
dxc4 15. Rxc4 Qa5 16. Rfc1 Bc6 17. Bf3 O-O 18. Bxc6 dxc6 19. Qd7 Rfe8 20. Qxc6
Qxe5 21. Bd4 Qb5 22. g3 Red8 23. Bb6 Qxc6 24. Rxc6 Rdb8 25. Bc5 Bf6 26. Bd6 Rd8
27. b4 h5 28. a4 Rd7 29. b5 axb5 30. axb5 Ra2 31. Rb1 Bd4 32. b6 Rxf2 33. Kh1
Rb7 34. Bc7 Rb2 35. Rxb2 Bxb2 36. Rc4 Ba3 37. Kg2 Kf8 38. Kf3 Ke7 39. Rc3 Kd7
1/2-1/2

[Event "XXIII Festival Magistrale"]
[Site "Robecchetto con Induno ITA"]
[Date "2012.12.29"]
[Round "4"]
[White "Dambrauskas, Virginijus"]
[Black "Bargeri, Ludovico"]
[Result "1/2-1/2"]
[WhiteElo "2315"]
[BlackElo "2010"]
[PlyCount "97"]
[EventDate "2012.12.27"]

1. d4 Nf6 2. c4 e6 3. a3 d5 4. Nc3 c6 5. e3 Nbd7 6. Nf3 Bd6 7. b4 O-O 8. Bb2
Qe7 9. cxd5 exd5 10. b5 Rd8 11. bxc6 bxc6 12. Be2 Rb8 13. Qc2 a6 14. Na4 Nb6
15. Nc5 Nc4 16. Bxc4 dxc4 17. O-O Bxc5 18. dxc5 Qxc5 19. Bd4 Qb5 20. Bxf6 gxf6
21. Rfc1 Be6 22. Nd4 Rxd4 23. exd4 Qg5 24. Rcb1 Rd8 25. Qc3 Bd5 26. Qg3 Qxg3
27. hxg3 Be4 28. Rc1 Rxd4 29. Rc3 Bd5 30. Rac1 Kf8 31. f3 Ke7 32. Kf1 Rd2 33.
R1c2 Rd1+ 34. Ke2 Rb1 35. Rd2 a5 36. Ke3 Ke6 37. g4 Ke5 38. Rdc2 Re1+ 39. Kf2
Rb1 40. Rd2 a4 41. Ke3 Re1+ 42. Re2 Rb1 43. Rd2 Re1+ 44. Kf2 Rb1 45. Ke3 Re1+
46. Re2 Rb1 47. Rd2 Re1+ 48. Re2 Rb1 49. Rd2 1/2-1/2

[Event "XXIII Festival Magistrale"]
[Site "Robecchetto con Induno ITA"]
[Date "2012.12.29"]
[Round "4"]
[White "Damia, Angelo"]
[Black "Boschetti, Claudio"]
[Result "1/2-1/2"]
[WhiteElo "2281"]
[BlackElo "2138"]
[PlyCount "40"]
[EventDate "2012.12.27"]

1. e4 e5 2. Nf3 Nc6 3. Nc3 Nf6 4. g3 d6 5. Bg2 Be7 6. h3 h6 7. d4 exd4 8. Nxd4
Nxd4 9. Qxd4 c6 10. Be3 O-O 11. Rd1 Qa5 12. O-O Rd8 13. f4 d5 14. exd5 cxd5 15.
Kh2 b6 16. Nxd5 Nxd5 17. Bxd5 Ba6 18. c4 Rac8 19. Qd2 Qxd2+ 20. Rxd2 Bxc4
1/2-1/2

[Event "XXIII Festival Magistrale"]
[Site "Robecchetto con Induno ITA"]
[Date "2012.12.29"]
[Round "4"]
[White "Di Chiara, Mauro"]
[Black "Lucchese, Paolo"]
[Result "1/2-1/2"]
[WhiteElo "1962"]
[BlackElo "1958"]
[PlyCount "119"]
[EventDate "2012.12.27"]

1. d4 Nf6 2. Nf3 e6 3. c4 b6 4. g3 Bb7 5. Bg2 Bb4+ 6. Bd2 Be7 7. Nc3 O-O 8. O-O
Ne4 9. Qc2 Nxd2 10. Qxd2 d6 11. Rfd1 Nd7 12. Qc2 g6 13. Nd2 Bxg2 14. Kxg2 Qc8
15. Rac1 Qb7+ 16. Qe4 Qxe4+ 17. Ndxe4 f5 18. Nd2 Bf6 19. e3 a6 20. b4 c6 21.
Nb3 Rfc8 22. c5 a5 23. cxb6 Nxb6 24. Nxa5 c5 25. bxc5 dxc5 26. Nb3 cxd4 27.
Nxd4 Bxd4 28. exd4 Ra3 29. Nb5 Rxa2 30. Rxc8+ Nxc8 31. Rc1 Na7 32. Nc7 Kf7 33.
Re1 Nc6 34. Nxe6 Rd2 35. Ng5+ Kg7 36. h4 h6 37. Nf3 Rd3 38. Ne5 Rc3 39. Nxc6
Rxc6 40. Kf3 Kf6 41. Re3 Rc4 42. Rd3 Ke6 43. Ke3 Rc1 44. f4 Re1+ 45. Kd2 Re4
46. d5+ Kd6 47. Kc3 Ra4 48. Kb3 Re4 49. Kc3 Ra4 50. Kb2 Re4 51. Kb3 h5 52. Kc3
Ra4 53. Kb2 Rc4 54. Ra3 Kxd5 55. Ra6 Rc6 56. Rxc6 Kxc6 57. Kc2 Kc5 58. Kc3 Kd5
59. Kd3 Kc5 60. Kc3 1/2-1/2

[Event "XXIII Festival Magistrale"]
[Site "Robecchetto con Induno ITA"]
[Date "2012.12.29"]
[Round "4"]
[White "Guidi, Maurizio"]
[Black "Ranieri, Fabrizio"]
[Result "0-1"]
[WhiteElo "2031"]
[BlackElo "2304"]
[PlyCount "82"]
[EventDate "2012.12.27"]

1. d4 e6 2. Nf3 d5 3. c4 c6 4. g3 Nf6 5. Bg2 Nbd7 6. O-O Be7 7. Nbd2 O-O 8. b3
b6 9. Bb2 Bb7 10. Re1 c5 11. e3 Rc8 12. Ne5 Qc7 13. Rc1 dxc4 14. Ndxc4 Bxg2 15.
Kxg2 b5 16. Nxd7 Nxd7 17. Nd2 Rfd8 18. Rc2 Qa5 19. Bc3 Qa6 20. Qb1 Qc6+ 21. d5
Qxd5+ 22. e4 Qb7 23. Ba5 Nb6 24. Bxb6 Qxb6 25. e5 Rd5 26. f4 h6 27. Ne4 Rd4 28.
Kf3 Rcd8 29. Qc1 Rc8 30. Qb2 c4 31. Qc1 Qc6 32. Qe3 Rd7 33. bxc4 bxc4 34. Rec1
Qa6 35. Qe2 Ba3 36. Rb1 Qc6 37. Qe3 Qa4 38. Rc3 Bb4 39. Rcc1 a5 40. Qe2 Qc6 41.
Rc2 Rd4 0-1

[Event "XXIII Festival Magistrale"]
[Site "Robecchetto con Induno ITA"]
[Date "2012.12.29"]
[Round "4"]
[White "Marinone, Lucio"]
[Black "Corti, Corrado"]
[Result "1/2-1/2"]
[WhiteElo "1977"]
[BlackElo "1979"]
[PlyCount "102"]
[EventDate "2012.12.27"]

1. c4 e5 2. g3 Nc6 3. Nc3 d6 4. Bg2 f5 5. d3 Nf6 6. e4 Be7 7. Nge2 O-O 8. O-O
fxe4 9. dxe4 Be6 10. Nd5 Qd7 11. a3 Rae8 12. b4 Bd8 13. Qd3 Qf7 14. Bb2 Ne7 15.
Nxf6+ gxf6 16. Rac1 Qh5 17. f4 Bg4 18. Bf3 Ng6 19. f5 Ne7 20. Nc3 Bxf3 21. Qxf3
Qxf3 22. Rxf3 Rf7 23. Rd3 Nc8 24. Rcd1 Be7 25. Nd5 Bf8 26. Bc1 Nb6 27. Nxb6
axb6 28. Be3 Ra8 29. Kf2 Ra4 30. Kf3 Be7 31. Bh6 Bf8 32. Bc1 Be7 33. g4 Kh8 34.
h4 Rg7 35. Rg1 Ra8 36. Rg2 h5 37. gxh5 Rxg2 38. Kxg2 Rg8+ 39. Rg3 Rxg3+ 40.
Kxg3 Kh7 41. Kg4 Bf8 42. Bg5 Be7 43. h6 Bd8 44. Kh5 Be7 45. Be3 Bf8 46. b5 Be7
47. a4 Bf8 48. Bd2 Be7 49. a5 bxa5 50. Bxa5 b6 51. Bd2 Bf8 1/2-1/2

[Event "XXIII Festival Magistrale"]
[Site "Robecchetto con Induno ITA"]
[Date "2012.12.29"]
[Round "4"]
[White "Montilli, Vincenzo"]
[Black "Santeramo, Domenico"]
[Result "1-0"]
[WhiteElo "1909"]
[BlackElo "2069"]
[PlyCount "111"]
[EventDate "2012.12.27"]

1. d4 Nf6 2. c4 g6 3. Nc3 d5 4. cxd5 Nxd5 5. e4 Nxc3 6. bxc3 Bg7 7. Bc4 c5 8.
Be3 Nc6 9. Ne2 O-O 10. Rc1 Qc7 11. O-O Na5 12. Bd3 Rd8 13. f4 Bg4 14. h3 Bxe2
15. Qxe2 e6 16. f5 exf5 17. exf5 cxd4 18. cxd4 Qd6 19. f6 Bxf6 20. Qf2 Kg7 21.
Rc5 b6 22. Rf5 gxf5 23. Qxf5 Qe6 24. Qxf6+ Kf8 25. Qh6+ Ke7 26. Rf6 Qxa2 27.
Bg5 Kd7 28. Rd6+ Kc7 29. Bxd8+ Rxd8 30. Rxd8 Kxd8 31. Qd6+ Kc8 32. Ba6+ Nb7 33.
Qc6+ Kd8 34. Qxb7 Qa1+ 35. Kh2 Qxd4 36. Qb8+ Ke7 37. Qxa7+ Kf6 38. Qc7 Kg5 39.
Bc4 f5 40. Qe7+ Kh6 41. Qe6+ Kg5 42. Qe2 Kf6 43. Qe6+ Kg5 44. Be2 Qf4+ 45. Kg1
Qc1+ 46. Kf2 Qf4+ 47. Bf3 Qd2+ 48. Qe2 Qb4 49. g3 Kf6 50. Qe3 Qb2+ 51. Be2 Qb4
52. Qh6+ Ke5 53. Qc6 Qd4+ 54. Kg2 Qd2 55. Qb5+ Ke4 56. Qe8+ 1-0

[Event "XXIII Festival Magistrale"]
[Site "Robecchetto con Induno ITA"]
[Date "2012.12.29"]
[Round "4"]
[White "Ranfagni, Stefano"]
[Black "Petrone, Gianmario"]
[Result "1/2-1/2"]
[WhiteElo "2040"]
[BlackElo "1963"]
[PlyCount "87"]
[EventDate "2012.12.27"]

1. c4 g6 2. Nc3 Bg7 3. g3 d6 4. Bg2 e5 5. d3 Nc6 6. e4 Nge7 7. Nge2 O-O 8. O-O
Bd7 9. Be3 Qc8 10. Nd5 Nxd5 11. cxd5 Nd4 12. Rc1 Nxe2+ 13. Qxe2 c5 14. dxc6
bxc6 15. Qd2 c5 16. b4 Qa6 17. bxc5 dxc5 18. Rxc5 Bb5 19. Rd1 Rfd8 20. Rd5 Rac8
21. Qb4 Rxd5 22. exd5 Bxd3 23. d6 Bb5 24. d7 Rd8 25. Bh3 f5 26. Rd6 Qa4 27.
Qxa4 Bxa4 28. Bxa7 Rxd7 29. Rxd7 Bxd7 30. Bf1 Ba4 31. Bc4+ Kf8 32. Bc5+ Ke8 33.
Bd5 Bf8 34. Be3 h6 35. h4 Ke7 36. Kf1 Kf6 37. Bb3 Bb5+ 38. Ke1 g5 39. hxg5+
hxg5 40. a4 Ba6 41. Bd5 f4 42. gxf4 exf4 43. Bd4+ Kf5 44. f3 1/2-1/2

[Event "XXIII Festival Magistrale"]
[Site "Robecchetto con Induno ITA"]
[Date "2012.12.29"]
[Round "4"]
[White "Razzano, Lorenzo"]
[Black "Barlocco, Carlo"]
[Result "0-1"]
[WhiteElo "1982"]
[BlackElo "2077"]
[PlyCount "51"]
[EventDate "2012.12.27"]

1. e4 c5 2. Nf3 e6 3. d4 cxd4 4. Nxd4 Nf6 5. Nc3 d6 6. Be2 Nc6 7. Be3 Be7 8.
O-O O-O 9. f4 e5 10. Nxc6 bxc6 11. fxe5 dxe5 12. a3 Be6 13. Qxd8 Rfxd8 14. Rad1
Rab8 15. Bc1 Bc5+ 16. Kh1 Bd4 17. Bd3 Ng4 18. Rd2 Be3 19. Re2 Bxc1 20. Rxc1
Rxb2 21. Na4 Ra2 22. Nc5 Rxa3 23. Nxe6 fxe6 24. Bc4 Kf7 25. h3 Nf6 26. Rb1 0-1

[Event "XXIII Festival Magistrale"]
[Site "Robecchetto con Induno ITA"]
[Date "2012.12.29"]
[Round "4"]
[White "Siclari, Giovanni"]
[Black "Bianchi, Alberto"]
[Result "1-0"]
[WhiteElo "2007"]
[BlackElo "1977"]
[PlyCount "120"]
[EventDate "2012.12.27"]

1. Nf3 d5 2. d4 e6 3. c4 Be7 4. Nc3 Nf6 5. Bg5 h6 6. Bh4 O-O 7. e3 Nbd7 8. Rc1
c6 9. Bd3 dxc4 10. Bxc4 Nd5 11. Bxe7 Qxe7 12. O-O N7b6 13. Bb3 c5 14. Qe2 e5
15. Rfd1 e4 16. Nd2 Nf6 17. dxc5 Nbd7 18. Nd5 Nxd5 19. Bxd5 Nf6 20. Qc4 Bg4 21.
Nxe4 Bxd1 22. Rxd1 Nxe4 23. Bxe4 Rfd8 24. Bd5 Rd7 25. e4 a5 26. Rd3 Rc8 27. h3
Rxc5 28. Qb3 Rcc7 29. Rf3 Qe5 30. g3 Qd4 31. Kg2 g6 32. h4 Qe5 33. Qb5 Kg7 34.
Qxa5 Qxb2 35. h5 gxh5 36. Bb3 Qc1 37. Qe5+ Kh7 38. Rf4 Qc6 39. Qxh5 Qg6 40. Qf3
Re7 41. Rf6 Qg7 42. Bd5 Kg8 43. Qf4 Kh7 44. Rf5 Rcd7 45. Qf3 Kg8 46. Kh2 Re5
47. Rxe5 Qxe5 48. Qg4+ Kf8 49. Qxd7 Qf6 50. Qxf7+ Qxf7 51. Bxf7 Kxf7 52. f4 b5
53. Kg2 Kg6 54. g4 b4 55. Kf3 Kf6 56. e5+ Ke6 57. Ke4 Kf7 58. f5 Ke7 59. Kd5
Kd7 60. e6+ Ke7 1-0

[Event "XXIII Festival Magistrale"]
[Site "Robecchetto con Induno ITA"]
[Date "2012.12.29"]
[Round "4"]
[White "Temi, Walter"]
[Black "Morandi, Daniele"]
[Result "1-0"]
[WhiteElo "2105"]
[BlackElo "1929"]
[PlyCount "79"]
[EventDate "2012.12.27"]

1. e4 e5 2. Nf3 Nc6 3. Nc3 Nf6 4. Bb5 Bc5 5. O-O O-O 6. d3 d6 7. Bxc6 bxc6 8.
Ne2 Bg4 9. Ng3 Nh5 10. Nxh5 Bxh5 11. h3 f6 12. g4 Bf7 13. Qe2 d5 14. Be3 d4 15.
Bc1 Qd7 16. Nh4 g6 17. Kh1 Be7 18. Nf3 Kg7 19. Rg1 h5 20. Nh2 g5 21. Bd2 Rh8
22. Kg2 Rh7 23. Nf1 Rah8 24. Ng3 hxg4 25. hxg4 Rh2+ 26. Kf3 R8h3 27. Rg2 Bh5
28. Rxh2 Bxg4+ 29. Kg2 Rxg3+ 30. Kxg3 Bxe2 31. f3 Bxf3 32. Kxf3 f5 33. Rah1 g4+
34. Ke2 f4 35. Rh7+ Kg6 36. Bb4 g3 37. R1h6+ Kg5 38. Bxe7+ Qxe7 39. Rxe7 Kxh6
40. Kf3 1-0

[Event "XXIII Festival Magistrale"]
[Site "Robecchetto con Induno ITA"]
[Date "2012.12.29"]
[Round "5"]
[White "Bardone, Lorenzo"]
[Black "Di Chiara, Mauro"]
[Result "1/2-1/2"]
[WhiteElo "1924"]
[BlackElo "1962"]
[PlyCount "121"]
[EventDate "2012.12.27"]

1. e4 g6 2. d4 Bg7 3. Be3 d6 4. Nc3 Nf6 5. Qd2 O-O 6. O-O-O c6 7. f3 b5 8. Bh6
Bxh6 9. Qxh6 Qa5 10. Kb1 Be6 11. d5 cxd5 12. exd5 Bf5 13. g4 Bxc2+ 14. Kxc2 b4
15. Ne4 Nxe4 16. fxe4 Qxa2 17. Ne2 Rc8+ 18. Kd2 Qxb2+ 19. Ke1 Nd7 20. h4 Qe5
21. Qf4 Nf6 22. Qxe5 dxe5 23. g5 Nxe4 24. Bg2 Nd6 25. Rc1 a5 26. Kd2 f5 27.
gxf6 exf6 28. Rc6 Rxc6 29. dxc6 Kf8 30. Bd5 Nb5 31. Ke3 Nc7 32. Bg2 Rd8 33. Ra1
Nd5+ 34. Bxd5 Rxd5 35. Rc1 Rd8 36. c7 Rc8 37. Rc5 Ke7 38. Kd3 a4 39. Rc4 f5 40.
Rxb4 Rxc7 41. Rxa4 Rd7+ 42. Ke3 Kf7 43. Ra5 Re7 44. Kf3 h6 45. Ng3 Kf6 46. Ra6+
Re6 47. Rxe6+ Kxe6 48. Nf1 g5 49. hxg5 hxg5 50. Nd2 Kd5 51. Nf1 g4+ 52. Kg3 Kd4
53. Nd2 Kd3 54. Nb3 Ke3 55. Na5 e4 56. Nc4+ Kd4 57. Nd6 Ke5 58. Nc4+ Kf6 59.
Kf4 g3 60. Ne3 Kg6 61. Nxf5 1/2-1/2

[Event "XXIII Festival Magistrale"]
[Site "Robecchetto con Induno ITA"]
[Date "2012.12.29"]
[Round "5"]
[White "Bargeri, Ludovico"]
[Black "Montilli, Vincenzo"]
[Result "0-1"]
[WhiteElo "2010"]
[BlackElo "1909"]
[PlyCount "118"]
[EventDate "2012.12.27"]

1. d4 Nf6 2. c4 g6 3. Nc3 Bg7 4. e4 d6 5. Nf3 O-O 6. Be2 e5 7. O-O exd4 8. Nxd4
Nc6 9. Be3 Re8 10. f3 Nh5 11. Qd2 Nf4 12. Rfd1 Nxd4 13. Bxd4 Qg5 14. Bf1 Bxd4+
15. Qxd4 b6 16. Nd5 Nxd5 17. cxd5 Bb7 18. Rac1 Re7 19. Qd2 Qxd2 20. Rxd2 a6 21.
Rdc2 Rc8 22. b4 Kg7 23. Kf2 f5 24. Ke3 fxe4 25. fxe4 Bxd5 26. Bxa6 Bxe4 27.
Bxc8 Bxc2+ 28. Kd4 Ba4 29. Bg4 Be8 30. Bf3 Kf6 31. Ra1 b5 32. Rc1 h5 33. h4 Ke6
34. Rc2 Kd7 35. Be2 c6 36. Bf3 Kc7 37. Be4 Kb6 38. Bf3 Re5 39. a3 g5 40. hxg5
Rxg5 41. Re2 Bf7 42. Re7 Bd5 43. Bxd5 Rxd5+ 44. Ke4 Rd2 45. Rg7 Ra2 46. Rg3 h4
47. Rg4 Rxa3 48. Rxh4 Rg3 49. Rh2 Rg4+ 50. Kd3 Rxb4 51. Rh6 Kc5 52. Rg6 Rb1 53.
g4 b4 54. Kc2 Rg1 55. g5 Rg3 56. Kb2 Kd5 57. Rg8 c5 58. g6 Kc4 59. g7 d5 0-1

[Event "XXIII Festival Magistrale"]
[Site "Robecchetto con Induno ITA"]
[Date "2012.12.29"]
[Round "5"]
[White "Barlocco, Carlo"]
[Black "Dambrauskas, Virginijus"]
[Result "0-1"]
[WhiteElo "2077"]
[BlackElo "2315"]
[PlyCount "64"]
[EventDate "2012.12.27"]

1. d4 d5 2. c4 c6 3. Nf3 Nf6 4. Qb3 g6 5. Nc3 Bg7 6. Bg5 dxc4 7. Qxc4 Qb6 8.
Na4 Qa5+ 9. Bd2 Qd8 10. Nc3 a5 11. Qd3 O-O 12. e3 Na6 13. Be2 Bg4 14. h3 Bxf3
15. Bxf3 e5 16. O-O Nb4 17. Qc4 exd4 18. Ne2 dxe3 19. Bxe3 Qd3 20. Qh4 Nfd5 21.
Bc5 Rfe8 22. Nd4 Qd2 23. Nb3 Qf4 24. Qxf4 Nxf4 25. Bb6 a4 26. Nd2 Nfd5 27. Bc5
Bxb2 28. Rab1 a3 29. Nc4 Nc3 30. Nxb2 Nxb1 31. Rxb1 axb2 32. Rxb2 Nd3 0-1

[Event "XXIII Festival Magistrale"]
[Site "Robecchetto con Induno ITA"]
[Date "2012.12.29"]
[Round "5"]
[White "Bianchi, Alberto"]
[Black "Marinone, Lucio"]
[Result "1/2-1/2"]
[WhiteElo "1977"]
[BlackElo "1977"]
[PlyCount "84"]
[EventDate "2012.12.27"]

1. e4 c5 2. Nf3 d6 3. d4 cxd4 4. Nxd4 Nf6 5. Nc3 a6 6. Be3 e5 7. Nb3 Be6 8. f3
Nbd7 9. Qd2 b5 10. g4 Nb6 11. Qf2 Nfd7 12. Rd1 Be7 13. h4 Qc7 14. Bd3 Rb8 15.
Kf1 Nc4 16. Bc1 Ndb6 17. Nd2 O-O 18. Nxc4 bxc4 19. Be2 Qc6 20. Kg2 d5 21. exd5
Nxd5 22. Nxd5 Bxd5 23. Qe3 f6 24. b3 Bf7 25. Qe4 Qxe4 26. fxe4 cxb3 27. axb3
Rfc8 28. Bd3 a5 29. Be3 Rc7 30. Kf3 Bb4 31. h5 Be6 32. Rhg1 Bf7 33. Rg2 Be6 34.
Bd2 Bxd2 35. Rgxd2 Rc3 36. Kg3 Rd8 37. Kg2 Kf7 38. g5 Ke7 39. gxf6+ gxf6 40.
Kg3 Rg8+ 41. Kf2 Rg5 42. h6 Rh5 1/2-1/2

[Event "XXIII Festival Magistrale"]
[Site "Robecchetto con Induno ITA"]
[Date "2012.12.29"]
[Round "5"]
[White "Boschetti, Claudio"]
[Black "Siclari, Giovanni"]
[Result "1-0"]
[WhiteElo "2138"]
[BlackElo "2007"]
[PlyCount "43"]
[EventDate "2012.12.27"]

1. e4 c5 2. Nf3 e6 3. c3 Nf6 4. e5 Nd5 5. d4 cxd4 6. cxd4 d6 7. a3 Bd7 8. Bd3
Bc6 9. O-O Be7 10. exd6 Qxd6 11. Nbd2 Nd7 12. Nc4 Qb8 13. Nfe5 Nxe5 14. Nxe5
Bf6 15. Re1 Qd6 16. Bd2 Rd8 17. Qh5 Bxe5 18. dxe5 Nf6 19. exf6 g6 20. Qh3 Qxd3
21. Rxe6+ Kd7 22. Re7+ 1-0

[Event "XXIII Festival Magistrale"]
[Site "Robecchetto con Induno ITA"]
[Date "2012.12.29"]
[Round "5"]
[White "Corti, Corrado"]
[Black "Lucchese, Paolo"]
[Result "1-0"]
[WhiteElo "1979"]
[BlackElo "1958"]
[PlyCount "59"]
[EventDate "2012.12.27"]

1. d4 d5 2. Nf3 Nf6 3. e3 Bf5 4. Be2 c5 5. O-O Nbd7 6. c3 e6 7. Nbd2 Bd6 8. h3
h6 9. b3 O-O 10. Bb2 a6 11. Rc1 b5 12. Ba3 Qa5 13. Bxc5 Bxc5 14. dxc5 b4 15.
cxb4 Qxb4 16. c6 Nb6 17. Nd4 Bg6 18. N2f3 Rfc8 19. Bd3 Qd6 20. Bxg6 fxg6 21.
Qc2 Ne4 22. Rfd1 e5 23. Ne2 Qf6 24. Qb2 Re8 25. Nc3 Nxc3 26. Qxc3 e4 27. Nd4
Rec8 28. Qc5 Rab8 29. a4 Qe5 30. Qa5 1-0

[Event "XXIII Festival Magistrale"]
[Site "Robecchetto con Induno ITA"]
[Date "2012.12.29"]
[Round "5"]
[White "Morandi, Daniele"]
[Black "Coppola, Federico"]
[Result "1/2-1/2"]
[WhiteElo "1929"]
[BlackElo "1940"]
[PlyCount "40"]
[EventDate "2012.12.27"]

1. e4 c5 2. Nf3 d6 3. d4 cxd4 4. Nxd4 Nf6 5. Nc3 g6 6. Be2 Bg7 7. O-O O-O 8.
Be3 Nc6 9. Qd2 Ng4 10. Bxg4 Bxg4 11. f4 Bd7 12. Rad1 Na5 13. b3 Rc8 14. f5 Nc6
15. Nd5 Nxd4 16. Bxd4 Bxd4+ 17. Qxd4 Bc6 18. c4 Bxd5 19. exd5 Qa5 20. a4 Qc5
1/2-1/2

[Event "XXIII Festival Magistrale"]
[Site "Robecchetto con Induno ITA"]
[Date "2012.12.29"]
[Round "5"]
[White "Petrone, Gianmario"]
[Black "Razzano, Lorenzo"]
[Result "1/2-1/2"]
[WhiteElo "1963"]
[BlackElo "1982"]
[PlyCount "22"]
[EventDate "2012.12.27"]

1. e4 c5 2. Nf3 Nc6 3. d4 cxd4 4. Nxd4 Nf6 5. Nc3 e5 6. Ndb5 d6 7. Bg5 a6 8.
Na3 b5 9. Bxf6 gxf6 10. Nd5 f5 11. Bd3 Be6 1/2-1/2

[Event "XXIII Festival Magistrale"]
[Site "Robecchetto con Induno ITA"]
[Date "2012.12.29"]
[Round "5"]
[White "Ranfagni, Stefano"]
[Black "Guidi, Maurizio"]
[Result "0-1"]
[WhiteElo "2040"]
[BlackElo "2031"]
[PlyCount "116"]
[EventDate "2012.12.27"]

1. e4 c5 2. Nc3 Nc6 3. g3 g6 4. Bg2 Bg7 5. d3 e6 6. Be3 Nd4 7. Qd2 Ne7 8. Nce2
Nec6 9. c3 Nxe2 10. Nxe2 d6 11. O-O O-O 12. Bh6 e5 13. Bxg7 Kxg7 14. f4 f5 15.
Kh1 Qb6 16. Rad1 Be6 17. a3 Rad8 18. d4 Bb3 19. Rc1 cxd4 20. cxd4 exd4 21. exf5
Rxf5 22. Bxc6 bxc6 23. Qxd4+ Rf6 24. Qxb6 axb6 25. Kg1 c5 26. Rc3 Ba4 27. Re3
Rd7 28. Nc3 Bc6 29. Rfe1 d5 30. Re7+ Rf7 31. R7e6 Rc7 32. Rd6 d4 33. Nb1 Rfd7
34. Ree6 Rxd6 35. Rxd6 Kf7 36. Rd8 Ke7 37. Rh8 Kd6 38. Nd2 Bd5 39. Rd8+ Kc6 40.
Kf2 c4 41. Nf3 Bxf3 42. Kxf3 c3 43. bxc3 dxc3 44. Ke2 Kb5 45. Kd1 Ka4 46. Kc2
Kxa3 47. Rd3 Kb4 48. g4 Rc4 49. Rf3 Rd4 50. Rf2 Kc4 51. f5 gxf5 52. gxf5 b5 53.
f6 b4 54. f7 b3+ 55. Kc1 Re4 56. Rf1 b2+ 57. Kc2 Re2+ 58. Kd1 Rd2+ 0-1

[Event "XXIII Festival Magistrale"]
[Site "Robecchetto con Induno ITA"]
[Date "2012.12.29"]
[Round "5"]
[White "Ranieri, Fabrizio"]
[Black "Damia, Angelo"]
[Result "0-1"]
[WhiteElo "2304"]
[BlackElo "2281"]
[PlyCount "116"]
[EventDate "2012.12.27"]

1. e4 Nf6 2. e5 Nd5 3. d4 d6 4. exd6 cxd6 5. Nf3 g6 6. Be2 Bg7 7. O-O O-O 8. c4
Nb6 9. b3 Nc6 10. Bb2 Bg4 11. h3 Bxf3 12. Bxf3 d5 13. c5 Nd7 14. Qd2 e6 15. b4
Qh4 16. Rd1 a6 17. a4 b6 18. b5 Nxd4 19. Bxd5 exd5 20. Bxd4 Qxd4 21. Qxd4 Bxd4
22. Rxd4 Nxc5 23. Ra3 axb5 24. axb5 Rxa3 25. Nxa3 Rd8 26. Kf1 Kf8 27. Nc2 Ne6
28. Ra4 d4 29. Ke1 Rd5 30. Na3 Nc7 31. Rc4 Nxb5 32. Nxb5 Rxb5 33. Rxd4 Rb2 34.
Rd7 b5 35. g3 Ke8 36. Rb7 b4 37. Kf1 b3 38. Kg2 Rb1 39. h4 Kf8 40. Kf3 Kg7 41.
Rb6 h5 42. Kg2 Kf8 43. Rb7 Ke8 44. Kf3 f6 45. Kg2 Kd8 46. Kf3 Kc8 47. Rb4 Kc7
48. Kg2 Kc6 49. Rb8 Kd5 50. Rb5+ Kc4 51. Rb7 Rd1 52. Rg7 Kd3 53. Rb7 Kc2 54.
Rc7+ Kb1 55. Rc6 f5 56. Rxg6 b2 57. Kf3 Rd4 58. Ke3 Ra4 0-1